Giáo trình vật liệu điện /

Bewaard in:
Bibliografische gegevens
Hoofdauteur: Nguyễn Đình Thắng
Formaat: Boek
Taal:Vietnamese
Gepubliceerd in: Ha Noi : Giáo dục , 2004
Editie:In lần thứ 1
Onderwerpen:
Tags: Voeg label toe
Geen labels, Wees de eerste die dit record labelt!
Thư viện lưu trữ: Thư viện Trường CĐ Kỹ Thuật Cao Thắng
LEADER 00666nam a2200205 a 4500
001 TVCDKTCT504
003 Thư viện trường Cao đẳng Kỹ thuật Cao Thắng
005 20050802000000
008 050802
980 \ \ |a Thư viện Trường CĐ Kỹ Thuật Cao Thắng 
024 |a RG_1 #1 eb0 i1 
041 0 # |a vie 
082 # # |a 621.302 /   |b NG527TH-gi 
100 1 # |a Nguyễn Đình Thắng 
245 0 0 |a Giáo trình vật liệu điện /  |c Nguyễn Đình Thắng 
250 # # |a In lần thứ 1 
260 # # |a Ha Noi :  |b Giáo dục ,  |c 2004 
300 # # |a 248tr. ;  |c 21cm 
650 # 4 |a Điện 
650 # 4 |a Vật liệu điện